Statistics for Minecraft-Natural Structures

Click here to take the quiz!

General Stats

  • This quiz has been taken 82 times
    (81 since last reset)
  • The average score is 11 of 18

Answer Stats

HintAnswer% Correct
Where villagers liveVillage
86%
You can find monster spawners hereDungeon
85%
The Elder Guardian gaurds this placeOcean Monument
85%
The End portal can be found hereStronghold
83%
You can find these in the desertDessert Temple
82%
The Castle like structures in the nether are calledNether Fortress
79%
The giant house that house VindicatorsWoodland Mansion
79%
Can be found in the snow biome with a underground bunkerIgloo
76%
The structure that appears in the jungleJungle Temple
76%
The tower where pillagers are foundPillager Outpost
72%
The Towers that can be found in the endEnd City
71%
The ships that can be found along with End CitiesEnd Ship
68%
A village with no villagers and spiderwebs is calledAbandoned Village
61%
You can find these by feeding a dolphin some fishOcean Ruin
49%
You can find these in caves with minecart chestsAbandoned Mineshaft
39%
These signify that there is a village nearbyWell
26%
Where the witch livesWitches hut
18%
This can be found using a map from ocean ruinsSunken Ship
10%

Score Distribution

Percentile by Number Answered

Percent of People with Each Score

Your Score History

You have not taken this quiz since the last reset